000 00636nam a22002417a 4500
001 27067
003 UA-OsUOA
005 20201117213906.0
007 ta
008 20040615b un ||||| |||| 00| 0 ukr d
020 _a5-272-0029-3
040 _aUA-OsUOA
_brus
_cUA-OsUOA
_dUA-OsUOA
041 _arus
044 _aRU
080 _a340.6
090 _a340.6
_bЮ70
245 _aЮридическая психология
_cсост. и общ. редакция Т. Н. Курбатовой
260 _aСанкт-Петербург
_bПитер
_c2001
300 _a480 с.
650 7 _2UDC
942 _cBK
_2udc
955 _a0
999 _c313408
_d313408